Biblioteca ESET

El espejo africano (Registro nro. 818)

Detalles MARC
000 -CABECERA
fixed length control field 00749nam a22002537a 4500
003 - CONTROL NUMBER IDENTIFIER
control field AR-BeUNQ
005 - FECHA Y HORA DE LA ULTIMA TRANSACCION
control field 20240429181506.0
008 - ELEMENTOS DE LONGITUD FIJA-INFORMACION GENERAL
fixed length control field 230404b |||||||| |||| 00| 0 spa d
020 ## - NUMERO INTERNACIONAL NORMALIZADO PARA LIBROS
Número Internacional Normalizado del libro 9789875732094
040 ## - FUENTE DE CATALOGACION
Agencia de catalogación original AR-BeUNQ
Idioma de catalogación ESPAÑOL
Agencia que realiza la transcripción AR-BeUNQ
Convenciones de la descripción aacr
082 ## - NUMERO DE CLASIFICACION DECIMAL DEWEYMBER
Número de la edición 22
Número de clasificación 863
Número del ítem 60275
100 ## - ASIENTO PRINCIPAL-NOMBRE PERSONAL
Nombre personal Bodoc, Liliana
Títulos u otras palabras asociadas al nombre autor
Fecha asociada al nombre 1958-1918
240 ## - TITULO UNIFORME
Título uniforme El espejo africano
Fecha de publicación/de la obra 2008
245 01 - MENCION DE TITULO
Título El espejo africano
Mención de responsabilidad, etc Liliana Bodoc
Medio físico libro
250 ## - MENCION DE EDICION
Mención de edición 1a.ed
Resto de la mención de edición 10 reimp
260 ## - PUBLICACION, DISTRIBUCION, ETC.
Lugar de publicación, distribución, etc. Buenos Aires :
Nombre del editor, distribuidor, etc. SM,
Fecha de publicación, distribución, etc 2013
300 ## - DESCRIPCION FISICA
Extensión 128 p. ;
Dimensiones 19 cm
490 ## - MENCION DE SERIE
Mención de serie El barco de vapor
600 ## - ASIENTO SECUNDARIO DE MATERIA - NOMBRE PERSONAL
Nombre personal Bodoc, Liliana
Títulos y otras palabras asociadas con el nombre aut.
Fechas asociadas con el nombre 1958-2018
650 ## - ASIENTO SECUNDARIO DE MATERIA - TERMINO TEMATICO
Término temático o nombre geográfico como elemento de entrada Literatura
Fuente del encabezamiento o términ spines
651 ## - ASIENTO SECUNDARIO DE MATERIA - NOMBRE GEOGRAFICO
Nombre geográfico Argentina
Fuente del encabezamiento o término uneescot
929 ## - DATOS DE ADQUISICION
Procedencia DONACION
Proveedor UNQ
Fecha de recibido 2022-09-01
Patrimonio UNQ PAT0081447
Número de inventario 60275
942 ## - ELEMENTOS DE PUNTO DE ACCESO ADICIONAL (KOHA)
Tipo de ítem Koha Libros
Existencias
Estado de retiro Estado de pérdida Ubicación permanente Ubicación actual Ubicación en estantería Fecha de ingreso Total Checkouts Signatura topográfica completa Inventario Date last seen Tipo de ítem Koha
    Biblioteca ESET - UNQ Biblioteca ESET - UNQ SALA 01/09/2022   863 / BOD 60275 04/04/2023 Libros

ESET UNQ

☏ 4365-7188
 Avenida República de Francia 1714 entre Doctor Kenny y Concordia, Ezpeleta, Bs As.
✉ secretaria_eset@unq.edu.ar

Con tecnología Koha